000 00290nam a22001337a 4500
008 181016b xxu||||| |||| 00| 0 eng d
020 _a9780781775830
041 _aeng
080 _a616.15
100 _a9
101 _aHEM
245 _aClinical Hematology
_cGrifin.R
942 _2udc
_cBK
999 _c49863
_d49863